Zdravotní péče je benefitem pro zaměstnance i zaměstnavatele

Vzhľadom k nastupujúcemu trendu zdravého životného štýlu a súčasne zvyšujúcou sa zdravotnou náročnosťou práce zamestnancov možno očakávať výrazný nástup segmentu lekárska starostlivosť v našich firmách.

Salvato in:
Dettagli Bibliografici
Natura: Capitolo di libro
Lingua:ceco
Soggetti:
Tags: Aggiungi Tag
Nessun Tag, puoi essere il primo ad aggiungerne!!

MARC

LEADER 00000naa a2200000 4500
001 0167420
005 20231113133440.6
041 0 |a cze 
044 |a CZ 
245 1 0 |a Zdravotní péče je benefitem pro zaměstnance i zaměstnavatele 
520 |a Vzhľadom k nastupujúcemu trendu zdravého životného štýlu a súčasne zvyšujúcou sa zdravotnou náročnosťou práce zamestnancov možno očakávať výrazný nástup segmentu lekárska starostlivosť v našich firmách. 
610 2 0 |a firmy 
610 2 0 |a benefity 
610 2 0 |a zamestnanci 
610 2 0 |a starostlivosť o zdravie